| 000 | 00000nam##2200000za#4500 |
| 001 | 9.636070 |
| 003 | CaOODSP |
| 005 | 20210624220549 |
| 007 | cr ||||||||||| |
| 008 | 150407|2009||||xxc|||||o f|0| 0 fre|d |
| 020 | |a978-1-100-90712-3 |
| 040 | |aCaOODSP|bfre |
| 043 | |an-cn--- |
| 086 | 1 |aEn4-105/2009F-PDF |
| 110 | 1 |aCanada. |bEnvironnement Canada. |
| 245 | 13|aLa situation des espèces sauvages au Canada : |h[ressource électronique]|bLoi sur les espèces en péril : rapport sur la situation générale 2003-2008 -vue d'ensemble |
| 260 | |aOttawa - Ontario : |bEnvironnement Canada |c[2009]. |
| 300 | |a16p.|bfigures, graphiques, tableaux |
| 590 | |a11-07-Supp|b2011-05-17 |
| 775 | 08|tThe status of wild species in Canada : |w(CaOODSP)9.691759 |
| 856 | 40|ahttp://publications.gc.ca|qPDF|s1262 Ko|uhttps://publications.gc.ca/collections/collection_2011/ec/En4-105-2009-fra.pdf |